乳癌,不怕! / (Record no. 7675)
[ view plain ]
| 000 -LEADER | |
|---|---|
| fixed length control field | 00787cam a22002532i 4500 |
| 001 - CONTROL NUMBER | |
| control field | 950786 |
| 003 - CONTROL NUMBER IDENTIFIER | |
| control field | YEEZEN |
| 005 - DATE AND TIME OF LATEST TRANSACTION | |
| control field | 20250903151433.0 |
| 008 - FIXED-LENGTH DATA ELEMENTS--GENERAL INFORMATION | |
| fixed length control field | 241016s2024 ch e 000 0 chi d |
| 020 ## - INTERNATIONAL STANDARD BOOK NUMBER | |
| International Standard Book Number | 9786267468456 |
| Qualifying information | (平裝) : |
| Terms of availability | NT$460 |
| 040 ## - CATALOGING SOURCE | |
| Original cataloging agency | CIP |
| Modifying agency | YMG |
| Language of cataloging | chi |
| Transcribing agency | . |
| 042 ## - AUTHENTICATION CODE | |
| Authentication code | nbic |
| 082 ## - DEWEY DECIMAL CLASSIFICATION NUMBER | |
| Classification number | 416.2352 |
| 090 ## - LOCALLY ASSIGNED LC-TYPE CALL NUMBER (OCLC); LOCAL CALL NUMBER (RLIN) | |
| Classification number (OCLC) (R) ; Classification number, CALL (RLIN) (NR) | 416.2352 |
| 100 1# - MAIN ENTRY--PERSONAL NAME | |
| Personal name | 連珮如 |
| Relator term | 著 |
| 245 10 - TITLE STATEMENT | |
| Title | 乳癌,不怕! / |
| Remainder of title | 資深乳醫個管師的全照護筆記,從用藥、手術到調心,解答你聽不懂、記不得、想不到的關鍵80問 |
| Statement of responsibility, etc. | 連珮如著 |
| 250 ## - EDITION STATEMENT | |
| Edition statement | 第一版 |
| 260 ## - PUBLICATION, DISTRIBUTION, ETC. | |
| Place of publication, distribution, etc. | 臺北市 : |
| Name of publisher, distributor, etc. | 天下雜誌, |
| Date of publication, distribution, etc. | 2024.09 |
| 300 ## - PHYSICAL DESCRIPTION | |
| Extent | 277面 ; |
| Other physical details | 圖,表 ; |
| Dimensions | 21公分 |
| 650 #7 - SUBJECT ADDED ENTRY--TOPICAL TERM | |
| Source of heading or term | lcstt |
| Topical term or geographic name entry element | 乳癌 |
| 650 #7 - SUBJECT ADDED ENTRY--TOPICAL TERM | |
| Source of heading or term | lcstt |
| Topical term or geographic name entry element | 健康照護 |
| 650 #7 - SUBJECT ADDED ENTRY--TOPICAL TERM | |
| Source of heading or term | lcstt |
| Topical term or geographic name entry element | 保健常識 |
| 942 ## - ADDED ENTRY ELEMENTS (KOHA) | |
| Source of classification or shelving scheme | 中文圖書分類法 |
| Koha item type | 一般圖書 |
| 撤銷狀態 | 遺失狀態 | 分類號來源 | 損壞狀態 | 不外借 | 永久館藏地 | 現在館藏地 | 書架位置 | 採購日期 | 全部借出 | 完整索書號 | 條碼號 | 最後一次日期記錄 | 一般價格有效日期 | Koha館藏類型 | 公開資訊 |
|---|---|---|---|---|---|---|---|---|---|---|---|---|---|---|---|
| 未註銷館藏 | 未遺失 | 中文圖書分類法 | 未損毀 | 可外借 | 怡仁綜合醫院圖書館 | 怡仁綜合醫院圖書館 | 2025-09-03 | 416.2352 | C03261 | 2025-09-03 | 2025-09-03 | 一般圖書 | 乳癌治療交給醫師,好好生活有個案管理師。 在奮戰的路上,每個人都需要暖心的戰友, 在困惑不解的時候給妳方向,在瀕臨崩潰的時候給妳最大的支持, 一起成功抗癌,重歸健康安心的生活。 |